[Event "4NCL/Div4/KSP vs. WEA2"]
[Site "Nottingham ENG"]
[Date "2007.03.25"]
[Round "8.6"]
[White "Maguire, Robert"]
[Black "Parry, Matthew"]
[Result "0-1"]
[WhiteElo "1795"]
[BlackElo "1677"]
[PlyCount "82"]
[EventDate "2007.03.25"]
[EventType "team"]
[EventRounds "11"]
[EventCountry "ENG"]
[WhiteTeam "W Collective 2"]
[BlackTeam "King supp Pawn"]

1. e4 c6 2. Nc3 d5 3. exd5 cxd5 4. d4 g6 5. Bf4 Bh6 6. Bb5+ Nc6 7. Nge2 a6 8.
Ba4 Bg4 9. Qd2 Bxf4 10. Qxf4 Bxe2 11. Nxe2 Qa5+ 12. Nc3 Qb4 13. Bxc6+ bxc6 14.
Qc7 Qd6 15. Qxd6 exd6 16. O-O Nf6 17. Rae1+ Kd7 18. Re2 Rhe8 19. Rfe1 Rxe2 20.
Rxe2 Rb8 21. b3 Rb4 22. Rd2 Ne4 23. Nxe4 dxe4 24. c3 Rb8 25. d5 a5 26. g3 f5
27. Kg2 Re8 28. dxc6+ Kxc6 29. c4 Re5 30. f3 e3 31. Re2 d5 32. f4 Re4 33. cxd5+
Kxd5 34. Kf1 Kd4 35. Rc2 Kd3 36. Rb2 a4 37. bxa4 Rc4 38. Rb3+ Ke4 39. Rb2 Kf3
40. Re2 Rc1+ 41. Re1 e2+ 0-1

[Event "4NCL/Div4/LEICS vs. SCS1"]
[Site "Nottingham ENG"]
[Date "2007.03.25"]
[Round "8.1"]
[White "Byron, Alan M"]
[Black "Heard, Andrew H"]
[Result "1-0"]
[WhiteElo "2267"]
[BlackElo "1985"]
[PlyCount "49"]
[EventDate "2007.03.25"]
[EventType "team"]
[EventRounds "11"]
[EventCountry "ENG"]
[WhiteTeam "Leicester"]
[BlackTeam "S C Stars 1"]

1. d4 Nf6 2. Nf3 c5 3. d5 d6 4. Nc3 g6 5. e4 Nbd7 6. Be2 Bg7 7. O-O O-O 8. h3
a6 9. a4 Ne5 10. Nxe5 dxe5 11. Be3 Qc7 12. a5 Rd8 13. Qd3 e6 14. Qc4 exd5 15.
exd5 Bf5 16. b4 Bxc2 17. bxc5 e4 18. Ra2 Bd3 19. Bxd3 exd3 20. Qxd3 Nd7 21. Ne4
Ne5 22. Qb3 Qd7 23. Nd6 Bf8 24. f4 Bxd6 25. cxd6 1-0

[Event "4NCL/Div4/LEICS vs. SCS1"]
[Site "Nottingham ENG"]
[Date "2007.03.25"]
[Round "8.2"]
[White "Lutton, J Arnold"]
[Black "Mansson, James C"]
[Result "0-1"]
[WhiteElo "1901"]
[BlackElo "2120"]
[PlyCount "68"]
[EventDate "2007.03.25"]
[EventType "team"]
[EventRounds "11"]
[EventCountry "ENG"]
[WhiteTeam "S C Stars 1"]
[BlackTeam "Leicester"]

1. e4 c5 2. Nc3 d6 3. f4 g6 4. Nf3 Bg7 5. Bc4 Nc6 6. O-O Nf6 7. d3 O-O 8. Qe1
Na5 9. Bb3 Nxb3 10. axb3 b6 11. h3 Bb7 12. f5 e6 13. g4 exf5 14. gxf5 Nh5 15.
Bg5 Qd7 16. Qh4 b5 17. f6 Bh8 18. Nh2 Rfe8 19. Ng4 b4 20. Ne2 d5 21. Nf4 Nxf4
22. Rxf4 h5 23. Nh6+ Kh7 24. Nf5 dxe4 25. Rd1 Re5 26. Ng3 Qd5 27. Nxe4 Rae8 28.
Re1 Qd4+ 29. Kf1 c4 30. Qf2 Qd7 31. bxc4 b3 32. Bh4 Qxh3+ 33. Kg1 Bxe4 34. dxe4
g5 {time} 0-1

[Event "4NCL/Div4/LEICS vs. SCS1"]
[Site "Nottingham ENG"]
[Date "2007.03.25"]
[Round "8.3"]
[White "Edwards, Alan"]
[Black "Lowry-O'Reilly, Hannah"]
[Result "1-0"]
[WhiteElo "2123"]
[BlackElo "1823"]
[PlyCount "36"]
[EventDate "2007.03.25"]
[EventType "team"]
[EventRounds "11"]
[EventCountry "ENG"]
[WhiteTeam "Leicester"]
[BlackTeam "S C Stars 1"]

1. e4 d5 2. exd5 Qxd5 3. Nf3 Nf6 4. d4 c6 5. Be2 Qd8 6. O-O Bf5 7. c4 e6 8. Nc3
Be7 9. Bf4 Nbd7 10. d5 cxd5 11. cxd5 Nh5 12. Be3 Bc5 13. Bxc5 Nxc5 14. Qd4 b6
15. g4 Nf6 16. gxf5 exd5 17. Qe5+ Qe7 18. Bb5+ Kf8 1-0

[Event "4NCL/Div4/LEICS vs. SCS1"]
[Site "Nottingham ENG"]
[Date "2007.03.25"]
[Round "8.4"]
[White "Hardy-Wallace, Daniel"]
[Black "Gibson, Christopher A"]
[Result "0-1"]
[WhiteElo "1815"]
[BlackElo "2050"]
[PlyCount "138"]
[EventDate "2007.03.25"]
[EventType "team"]
[EventRounds "11"]
[EventCountry "ENG"]
[WhiteTeam "S C Stars 1"]
[BlackTeam "Leicester"]

1. d4 Nf6 2. c4 e6 3. Nf3 b6 4. g3 Ba6 5. b3 b5 6. Qc2 bxc4 7. bxc4 c5 8. Bg2
Bb7 9. O-O cxd4 10. Nxd4 Bxg2 11. Kxg2 Qb6 12. Bb2 Nc6 13. Nxc6 Qxc6+ 14. f3
Ng4 15. Bd4 e5 16. Bg1 Nf6 17. e4 h5 18. h4 Bc5 19. Bxc5 Qxc5 20. Qd3 O-O 21.
Nd2 Rfc8 22. Rab1 a6 23. Rfc1 d6 24. Nb3 Qa3 25. Qe2 Rc6 26. Qb2 Qxb2+ 27. Rxb2
a5 28. Rbc2 a4 29. Nd2 Rac8 30. Kf2 d5 31. Ke3 d4+ 32. Kd3 Nd7 33. Ke2 Rb8 34.
c5 Rbc8 35. f4 f6 36. fxe5 fxe5 37. Nf3 Rxc5 38. Rxc5 Rxc5 39. Rxc5 Nxc5 40.
Nxe5 Nxe4 41. Kd3 Nxg3 42. Nf3 Nf5 43. Ke4 g6 44. Kf4 d3 45. Nd2 Kf7 46. Kg5
Nd4 47. Kf4 Nc2 48. Nc4 Nb4 49. a3 Nc2 50. Ne5+ Kf6 51. Nxd3 Nxa3 52. Nc5 Nb5
53. Nxa4 Nc7 54. Nc5 Nd5+ 55. Kf3 Ke5 56. Ne4 Ne7 57. Ng3 Nf5 58. Nxh5 gxh5 59.
Kg2 Kf4 60. Kh3 Kf3 61. Kh2 Nxh4 62. Kh3 Nf5 63. Kh2 Kg4 64. Kg2 h4 65. Kh2 Ne3
66. Kg1 Kg3 67. Kh1 h3 68. Kg1 Ng4 69. Kh1 Nf2+ 0-1

[Event "4NCL/Div4/LEICS vs. SCS1"]
[Site "Nottingham ENG"]
[Date "2007.03.25"]
[Round "8.5"]
[White "Bingham, James T"]
[Black "Lowry-O'Reilly, Johannah"]
[Result "1-0"]
[WhiteElo "2055"]
[BlackElo "1410"]
[PlyCount "39"]
[EventDate "2007.03.25"]
[EventType "team"]
[EventRounds "11"]
[EventCountry "ENG"]
[WhiteTeam "Leicester"]
[BlackTeam "S C Stars 1"]

1. d4 d5 2. c4 Nf6 3. Nf3 e6 4. g3 g6 5. Bg2 Bg7 6. Nc3 Nbd7 7. Bf4 b6 8. Nb5
O-O 9. Bxc7 Qe7 10. Bd6 Qe8 11. Nc7 Qd8 12. Nxa8 Ba6 13. Nc7 Bxc4 14. b3 Ne4
15. Bxf8 Kxf8 16. Nxe6+ Ke7 17. Nxd8 Kxd8 18. bxc4 Nc3 19. Qc2 Bxd4 20. Nxd4
1-0

[Event "4NCL/Div4/ATH1 vs. GLOSG"]
[Site "Nottingham ENG"]
[Date "2007.03.25"]
[Round "8.1"]
[White "Quinn, John M"]
[Black "Bolt, Graham"]
[Result "1-0"]
[WhiteElo "2143"]
[BlackElo "2111"]
[PlyCount "61"]
[EventDate "2007.03.25"]
[EventType "team"]
[EventRounds "11"]
[EventCountry "ENG"]
[WhiteTeam "Athenaeum 1"]
[BlackTeam "Glos Gambits"]

1. d4 Nf6 2. c4 g6 3. Nc3 d5 4. Nf3 Bg7 5. Qb3 dxc4 6. Qxc4 Nfd7 7. Bf4 c6 8.
Rd1 Nb6 9. Qd3 Na6 10. e4 Be6 11. b3 O-O 12. Be2 Nb4 13. Qd2 a5 14. O-O Na6 15.
Bh6 Qd6 16. Bxg7 Kxg7 17. d5 cxd5 18. exd5 Bf5 19. Nd4 Bd7 20. Bf3 Nc7 21. Ne4
Qe5 22. Rfe1 Ncxd5 23. Nc3 Qd6 24. Bxd5 Nxd5 25. Ndb5 Bxb5 26. Nxb5 Qb6 27.
Qxd5 Rfd8 28. Qe5+ Kg8 29. a4 e6 30. h4 h5 31. Rd6 1-0

[Event "4NCL/Div4/ATH1 vs. GLOSG"]
[Site "Nottingham ENG"]
[Date "2007.03.25"]
[Round "8.2"]
[White "Hosken, Nigel"]
[Black "Pedersen, Carsten"]
[Result "1/2-1/2"]
[WhiteElo "2002"]
[BlackElo "2124"]
[PlyCount "40"]
[EventDate "2007.03.25"]
[EventType "team"]
[EventRounds "11"]
[EventCountry "ENG"]
[WhiteTeam "Glos Gambits"]
[BlackTeam "Athenaeum 1"]

1. d4 Nf6 2. c4 Nc6 3. Nf3 e6 4. Nc3 Bb4 5. Qc2 d6 6. Bd2 O-O 7. a3 Bxc3 8.
Bxc3 Re8 9. e3 a5 10. b3 e5 11. dxe5 dxe5 12. Be2 Bg4 13. O-O Qe7 14. Qb2 Ne4
15. Rfc1 Nxc3 16. Rxc3 Rad8 17. Rc2 Rd7 18. Rd2 Rxd2 19. Qxd2 Rd8 20. Qb2 h6
1/2-1/2

[Event "4NCL/Div4/ATH1 vs. GLOSG"]
[Site "Nottingham ENG"]
[Date "2007.03.25"]
[Round "8.3"]
[White "Stevenson, James A B"]
[Black "Lambourne, Daniel M"]
[Result "1/2-1/2"]
[WhiteElo "2093"]
[BlackElo "2080"]
[PlyCount "80"]
[EventDate "2007.03.25"]
[EventType "team"]
[EventRounds "11"]
[EventCountry "ENG"]
[WhiteTeam "Athenaeum 1"]
[BlackTeam "Glos Gambits"]

1. e4 c5 2. d4 cxd4 3. c3 dxc3 4. Nxc3 Nc6 5. Nf3 g6 6. Bc4 Bg7 7. O-O Nf6 8.
Qe2 O-O 9. Rd1 e6 10. Bf4 a6 11. Bd6 Re8 12. a4 Qa5 13. h3 h6 14. Ra3 Bf8 15.
Nb5 Bxd6 16. Nxd6 Rf8 17. e5 Ne8 18. Nxc8 Rxc8 19. Rxd7 Rc7 20. Rd1 Qb4 21. Ba2
Ng7 22. Qd2 Qxd2 23. Rxd2 Nb4 24. Bb3 Nf5 25. Ra1 Rfc8 26. Rad1 Ne7 27. Rd4
Ned5 28. g3 a5 29. R4d2 Rc1 30. Rxc1 Rxc1+ 31. Kg2 Kf8 32. Nd4 Rc5 33. Kf1 Ke7
34. h4 Nb6 35. f4 Nc4 36. Bxc4 Rxc4 37. Nb5 Nd5 38. b3 Rc1+ 39. Kf2 b6 40. Rd3
Rc2+ 1/2-1/2

[Event "4NCL/Div4/ATH1 vs. GLOSG"]
[Site "Nottingham ENG"]
[Date "2007.03.25"]
[Round "8.4"]
[White "Taylor, Geoffrey P"]
[Black "Gruettner, Ralf"]
[Result "0-1"]
[WhiteElo "2077"]
[BlackElo "2067"]
[PlyCount "46"]
[EventDate "2007.03.25"]
[EventType "team"]
[EventRounds "11"]
[EventCountry "ENG"]
[WhiteTeam "Glos Gambits"]
[BlackTeam "Athenaeum 1"]

1. e4 c5 2. Nf3 d6 3. d4 cxd4 4. Nxd4 Nf6 5. Nc3 g6 6. Be3 Bg7 7. f3 O-O 8. Qd2
Nc6 9. Bc4 Bd7 10. O-O-O Qa5 11. h4 Rfc8 12. Bb3 h5 13. Bg5 Nxd4 14. Qxd4 Rc5
15. Qe3 Be6 16. Bxe6 fxe6 17. Kb1 Rac8 18. Rd3 Nd7 19. Nd1 Rxc2 20. Bxe7 Rc1+
21. Qxc1 Rxc1+ 22. Kxc1 Ne5 23. Ra3 Qc7+ 0-1

[Event "4NCL/Div4/ATH1 vs. GLOSG"]
[Site "Nottingham ENG"]
[Date "2007.03.25"]
[Round "8.5"]
[White "McLaughlin, Noel"]
[Black "Gilmour, Andrew J"]
[Result "1/2-1/2"]
[WhiteElo "1955"]
[BlackElo "2065"]
[PlyCount "31"]
[EventDate "2007.03.25"]
[EventType "team"]
[EventRounds "11"]
[EventCountry "ENG"]
[WhiteTeam "Athenaeum 1"]
[BlackTeam "Glos Gambits"]

1. Nf3 Nf6 2. c4 g6 3. b4 Bg7 4. Bb2 O-O 5. g3 d6 6. Bg2 e5 7. d3 Nbd7 8. O-O
a5 9. a3 axb4 10. axb4 Rxa1 11. Bxa1 Re8 12. Nbd2 e4 13. dxe4 Nxe4 14. Bxg7
Kxg7 15. Nxe4 Rxe4 16. Nd4 1/2-1/2

[Event "4NCL/Div4/ATH1 vs. GLOSG"]
[Site "Nottingham ENG"]
[Date "2007.03.25"]
[Round "8.6"]
[White "Meade, Philip J"]
[Black "Aniecko, Colin"]
[Result "1/2-1/2"]
[WhiteElo "2050"]
[BlackElo "1800"]
[PlyCount "30"]
[EventDate "2007.03.25"]
[EventType "team"]
[EventRounds "11"]
[EventCountry "ENG"]
[WhiteTeam "Glos Gambits"]
[BlackTeam "Athenaeum 1"]

1. e4 c5 2. Nf3 Nc6 3. Bb5 g6 4. Bxc6 bxc6 5. d4 Ba6 6. dxc5 Qa5+ 7. Nc3 Qxc5
8. Qd4 Qxd4 9. Nxd4 Bg7 10. Be3 Rb8 11. Kd2 Nf6 12. f3 O-O 13. Nb3 Ra8 14. Nc5
Bc8 15. Rad1 d6 1/2-1/2

[Event "4NCL/Div4/OXF3 vs. NOTT2"]
[Site "Nottingham ENG"]
[Date "2007.03.25"]
[Round "8.1"]
[White "Morris, Graham"]
[Black "Webster, Richard J"]
[Result "1-0"]
[WhiteElo "2035"]
[BlackElo "1976"]
[PlyCount "71"]
[EventDate "2007.03.25"]
[EventType "team"]
[EventRounds "11"]
[EventCountry "ENG"]
[WhiteTeam "Oxford 3"]
[BlackTeam "Notts 2"]

1. e4 e6 2. d3 d5 3. Nd2 Nf6 4. Ngf3 b6 5. e5 Nfd7 6. g3 c5 7. Qe2 Nc6 8. Bg2
Be7 9. O-O Qc7 10. Re1 Bb7 11. Nf1 d4 12. Bf4 Nb4 13. h4 h6 14. h5 Rd8 15. N1h2
Nf8 16. Ng4 Nh7 17. a3 Na6 18. Rad1 Bc6 19. Nd2 Bxg2 20. Kxg2 Ng5 21. Bxg5 hxg5
22. Qf3 Kf8 23. Rh1 Nb8 24. Rde1 Nc6 25. h6 g6 26. Nc4 b5 27. Nd6 Bxd6 28. exd6
Qxd6 29. Qf6 Rh7 30. Qxg5 Qd5+ 31. Qxd5 exd5 32. Nf6 Rh8 33. g4 c4 34. g5 b4
35. Re2 Nb8 36. Rhe1 1-0

[Event "4NCL/Div4/OXF3 vs. NOTT2"]
[Site "Nottingham ENG"]
[Date "2007.03.25"]
[Round "8.2"]
[White "Harrison, John"]
[Black "Terry, Sean"]
[Result "1/2-1/2"]
[WhiteElo "2000"]
[BlackElo "2040"]
[PlyCount "81"]
[EventDate "2007.03.25"]
[EventType "team"]
[EventRounds "11"]
[EventCountry "ENG"]
[WhiteTeam "Notts 2"]
[BlackTeam "Oxford 3"]

1. d4 Nf6 2. c4 Nc6 3. Nf3 d6 4. Nc3 g6 5. d5 Ne5 6. Nxe5 dxe5 7. e4 e6 8. Bg5
Be7 9. Bh6 exd5 10. cxd5 Ng4 11. Bb5+ Bd7 12. Qxg4 c6 13. Qg3 cxb5 14. Bg7 Bf6
15. Bxh8 Bxh8 16. O-O b4 17. Nd1 Bb5 18. Re1 Rc8 19. Qb3 a5 20. Ne3 Bf6 21. a4
Ba6 22. Rec1 Be7 23. Rxc8 Qxc8 24. Rd1 Bd6 25. Rd2 Qc1+ 26. Qd1 Qxd1+ 27. Rxd1
Bc5 28. b3 Bd4 29. Nc4 Bxc4 30. bxc4 Kd7 31. Kf1 Kd6 32. Ke2 Bc5 33. Kd3 f6 34.
g3 Bd4 35. f4 Kc5 36. fxe5 Bxe5 37. Kc2 Kd6 38. Kb3 b6 39. g4 h6 40. h4 Kc5 41.
Rd3 1/2-1/2

[Event "4NCL/Div4/OXF3 vs. NOTT2"]
[Site "Nottingham ENG"]
[Date "2007.03.25"]
[Round "8.3"]
[White "Levicki, Jeffrey"]
[Black "Wright, Antony J"]
[Result "1/2-1/2"]
[WhiteElo "1950"]
[BlackElo "2020"]
[PlyCount "104"]
[EventDate "2007.03.25"]
[EventType "team"]
[EventRounds "11"]
[EventCountry "ENG"]
[WhiteTeam "Oxford 3"]
[BlackTeam "Notts 2"]

1. e4 e6 2. d4 d5 3. e5 c5 4. c3 Nc6 5. Nf3 Bd7 6. a3 cxd4 7. cxd4 Qb6 8. b4 f6
9. Bd3 f5 10. Bb2 Rc8 11. Nbd2 Nh6 12. Nb3 Nf7 13. Qd2 Be7 14. Rc1 O-O 15. h4
Nxb4 16. axb4 Bxb4 17. Bc3 Rxc3 18. Rxc3 Rc8 19. Nc5 Qa5 20. Nxb7 Qa1+ 21. Ke2
Qxc3 22. Qxc3 Rxc3 23. Rb1 a5 24. Nc5 Bc8 25. Ba6 Bxa6+ 26. Nxa6 Rc8 27. Nxb4
Rb8 28. Kd1 h6 29. Kc2 axb4 30. Kb3 Nd8 31. Ka4 Nc6 32. Rc1 Rb6 33. Rc5 b3 34.
Rc1 b2 35. Rb1 Kf7 36. Ka3 Kg6 37. Rxb2 Ra6+ 38. Kb3 Rb6+ 39. Kc3 Rxb2 40. Kxb2
Kh5 41. Kb3 g5 42. hxg5 hxg5 43. Kc3 g4 44. Ne1 f4 45. Nd3 Kg5 46. g3 fxg3 47.
fxg3 Kf5 48. Nc5 Nd8 49. Kd3 Nf7 50. Nd7 Ng5 51. Nf6 Nf3 52. Ne8 Ng5 1/2-1/2

[Event "4NCL/Div4/OXF3 vs. NOTT2"]
[Site "Nottingham ENG"]
[Date "2007.03.25"]
[Round "8.4"]
[White "Graham, Neil"]
[Black "Messam-Sparkes, Lateefah"]
[Result "0-1"]
[WhiteElo "1915"]
[BlackElo "1855"]
[PlyCount "66"]
[EventDate "2007.03.25"]
[EventType "team"]
[EventRounds "11"]
[EventCountry "ENG"]
[WhiteTeam "Notts 2"]
[BlackTeam "Oxford 3"]

1. d4 d5 2. e4 dxe4 3. Nc3 Bf5 4. f3 exf3 5. Nxf3 e6 6. Bc4 Nf6 7. O-O Be7 8.
Ne5 h6 9. Rxf5 c5 10. Bb5+ Kf8 11. Rf1 cxd4 12. Qf3 dxc3 13. Be3 cxb2 14. Rad1
Qc7 15. Nd7+ Nbxd7 16. Rxd7 Qxc2 17. Qxb7 Re8 18. Rdd1 Rc8 19. Ba6 Re8 20. Bb5
Rd8 21. Rxd8+ Bxd8 22. Ba6 Kg8 23. Qb8 Kh7 24. Qb3 Qxb3 25. axb3 Bb6 26. Bd3+
Kg8 27. Bxb6 axb6 28. Rb1 Kf8 29. Rxb2 Ke7 30. Ra2 Rd8 31. Bc4 Ne4 32. Ra6 Rd1+
33. Bf1 Nd2 0-1

[Event "4NCL/Div4/OXF3 vs. NOTT2"]
[Site "Nottingham ENG"]
[Date "2007.03.25"]
[Round "8.5"]
[White "Zhang, Marco"]
[Black "Hill, Maurice J"]
[Result "1-0"]
[WhiteElo "1890"]
[BlackElo "1910"]
[PlyCount "57"]
[EventDate "2007.03.25"]
[EventType "team"]
[EventRounds "11"]
[EventCountry "ENG"]
[WhiteTeam "Oxford 3"]
[BlackTeam "Notts 2"]

1. e4 c5 2. d4 e6 3. Nf3 cxd4 4. c3 dxc3 5. Nxc3 Nc6 6. Bf4 a6 7. a3 Nge7 8.
Bc4 b5 9. Ba2 Ng6 10. Bg3 Be7 11. O-O O-O 12. b4 Bf6 13. Rc1 Qb6 14. Bd6 Rd8
15. Qe2 Nd4 16. Nxd4 Qxd6 17. Nb3 Bb7 18. Qe3 Rac8 19. f4 Bxc3 20. Rxc3 Rxc3
21. Qxc3 Qc6 22. Qxc6 Bxc6 23. f5 Ne5 24. Nc5 Nc4 25. Rd1 d5 26. fxe6 fxe6 27.
Nxe6 Rd6 28. exd5 Rxd5 29. Rf1 1-0

[Event "4NCL/Div4/OXF3 vs. NOTT2"]
[Site "Nottingham ENG"]
[Date "2007.03.25"]
[Round "8.6"]
[White "Lakhani, Anjali"]
[Black "Henbest, Kevin B"]
[Result "1-0"]
[WhiteElo "1830"]
[BlackElo "1800"]
[PlyCount "65"]
[EventDate "2007.03.25"]
[EventType "team"]
[EventRounds "11"]
[EventCountry "ENG"]
[WhiteTeam "Notts 2"]
[BlackTeam "Oxford 3"]

1. e4 c5 2. Nf3 d6 3. d4 cxd4 4. Nxd4 Nf6 5. Nc3 a6 6. Bg5 e6 7. f4 Be7 8. Qf3
Nc6 9. O-O-O Qc7 10. g4 b5 11. Bg2 Bb7 12. e5 d5 13. exf6 gxf6 14. Bh4 b4 15.
Nce2 Na5 16. Qd3 Nc4 17. g5 e5 18. fxe5 fxe5 19. Nf5 e4 20. Qg3 Qa5 21. Qb3 Bc5
22. Bxe4 Rd8 23. Bg2 Qb5 24. Ned4 Qd7 25. Rhe1+ Kf8 26. Bh3 Qc7 27. Nh6 Qf4+
28. Kb1 Nd2+ 29. Rxd2 Qxd2 30. Ne6+ fxe6 31. Qf3+ Ke7 32. Qf7+ Kd6 33. Rxe6#
1-0

[Event "4NCL/Div4/ADD vs. PONTY"]
[Site "Nottingham ENG"]
[Date "2007.03.25"]
[Round "8.1"]
[White "Dupré, Paul D"]
[Black "Davies, Peter L"]
[Result "0-1"]
[WhiteElo "2033"]
[BlackElo "2000"]
[PlyCount "54"]
[EventDate "2007.03.25"]
[EventType "team"]
[EventRounds "11"]
[EventCountry "ENG"]
[WhiteTeam "Addlestone"]
[BlackTeam "Pontypridd"]

1. d4 Nf6 2. c4 e6 3. Nc3 Bb4 4. e3 O-O 5. Bd3 d5 6. a3 Bxc3+ 7. bxc3 dxc4 8.
Bxc4 c5 9. Ne2 Qc7 10. Bd3 e5 11. Bb2 Nc6 12. Rc1 Re8 13. Bb1 Qb6 14. Qc2 cxd4
15. cxd4 exd4 16. O-O d3 17. Qxd3 Qxb2 18. Nf4 Be6 19. Nh5 g6 20. Rc2 Qe5 21.
Ng3 Rad8 22. Qe2 Ne4 23. Nxe4 Qxe4 24. Rb2 Qc4 25. Qf3 Bg4 26. Ba2 Qxf1+ 27.
Kxf1 Bxf3 0-1

[Event "4NCL/Div4/ADD vs. PONTY"]
[Site "Nottingham ENG"]
[Date "2007.03.25"]
[Round "8.2"]
[White "Lobo, Richard"]
[Black "Fenwick, Hugh"]
[Result "1-0"]
[WhiteElo "1935"]
[BlackElo "2035"]
[PlyCount "71"]
[EventDate "2007.03.25"]
[EventType "team"]
[EventRounds "11"]
[EventCountry "ENG"]
[WhiteTeam "Pontypridd"]
[BlackTeam "Addlestone"]

1. e4 Nf6 2. e5 Nd5 3. c4 Nb6 4. d4 d6 5. exd6 exd6 6. Nf3 Be7 7. Be2 O-O 8.
O-O Be6 9. b3 Bf6 10. Bb2 Bg4 11. Nc3 Nc6 12. Ne4 d5 13. Nxf6+ Qxf6 14. c5 Nd7
15. h3 Bf5 16. Qd2 Rfe8 17. Rae1 Re7 18. b4 a6 19. Bd1 Rae8 20. Bb3 Rxe1 21.
Rxe1 Rxe1+ 22. Qxe1 Qe7 23. Bxd5 Qxe1+ 24. Nxe1 Nxb4 25. Bxb7 Nb8 26. a3 Nd3
27. Nxd3 Bxd3 28. d5 f6 29. Bc3 Nd7 30. Bd4 Bc4 31. c6 Nf8 32. d6 Ne6 33. dxc7
Nxc7 34. Bb6 Nd5 35. Bd8 Kf7 36. c7 1-0

[Event "4NCL/Div4/ADD vs. PONTY"]
[Site "Nottingham ENG"]
[Date "2007.03.25"]
[Round "8.3"]
[White "Albrecht, Theo"]
[Black "St Clair, Allan"]
[Result "1/2-1/2"]
[WhiteElo "2025"]
[BlackElo "1826"]
[PlyCount "100"]
[EventDate "2007.03.25"]
[EventType "team"]
[EventRounds "11"]
[EventCountry "ENG"]
[WhiteTeam "Addlestone"]
[BlackTeam "Pontypridd"]

1. e4 d5 2. d3 dxe4 3. dxe4 Qxd1+ 4. Kxd1 Nf6 5. f3 e5 6. Be3 Be6 7. Nd2 Be7 8.
Bc4 Bxc4 9. Nxc4 Nbd7 10. a4 O-O 11. Nh3 Rfe8 12. Nf2 Bc5 13. Ke2 Kf8 14. Nd3
Bxe3 15. Kxe3 Re6 16. Rad1 Rc6 17. b3 Nb6 18. Na3 Re8 19. Rd2 a5 20. Rhd1 g6
21. Nb5 Nfd7 22. g3 Nc5 23. Na7 Nxb3 24. cxb3 Rc3 25. Ke2 c6 26. Nxc6 Rxc6 27.
Rc1 Rxc1 28. Nxc1 Rc8 29. Nd3 Rc3 30. Rb2 f6 31. Kd2 Rc7 32. Rc2 Rxc2+ 33. Kxc2
Nc8 34. f4 exf4 35. gxf4 Nd6 36. e5 fxe5 37. fxe5 Ne4 38. Nb2 Nf2 39. Nd3 Nxd3
40. Kxd3 Ke7 41. Kc4 g5 42. Kd5 h5 43. e6 g4 44. Ke5 h4 45. Kf4 g3 46. hxg3
hxg3 47. Kxg3 Kxe6 48. Kf4 Kd5 49. Ke3 Kc5 50. Kd3 b5 1/2-1/2

[Event "4NCL/Div4/ADD vs. PONTY"]
[Site "Nottingham ENG"]
[Date "2007.03.25"]
[Round "8.4"]
[White "Davis, Ashley"]
[Black "Davda, Rahil"]
[Result "1/2-1/2"]
[WhiteElo "1535"]
[BlackElo "1855"]
[PlyCount "57"]
[EventDate "2007.03.25"]
[EventType "team"]
[EventRounds "11"]
[EventCountry "ENG"]
[WhiteTeam "Pontypridd"]
[BlackTeam "Addlestone"]

1. d4 f5 2. c4 Nf6 3. Nc3 g6 4. Nf3 Bg7 5. e3 d6 6. Be2 O-O 7. b3 Nc6 8. Bb2
Qe8 9. Nd2 e5 10. d5 Ne7 11. e4 f4 12. h4 h6 13. Bf3 Qf7 14. Qe2 g5 15. hxg5
hxg5 16. Bh5 Nxh5 17. Qxh5 Qxh5 18. Rxh5 g4 19. f3 g3 20. Ba3 a6 21. c5 dxc5
22. Bxc5 Re8 23. d6 b6 24. Ba3 cxd6 25. Bxd6 Nf5 26. exf5 e4 27. Ncxe4 Bxa1 28.
Bxf4 Be5 29. Rg5+ 1/2-1/2

[Event "4NCL/Div4/ADD vs. PONTY"]
[Site "Nottingham ENG"]
[Date "2007.03.25"]
[Round "8.5"]
[White "Klein, Cornelia"]
[Black "Lobo, Robert"]
[Result "1-0"]
[WhiteElo "1881"]
[BlackElo "1585"]
[PlyCount "105"]
[EventDate "2007.03.25"]
[EventType "team"]
[EventRounds "11"]
[EventCountry "ENG"]
[WhiteTeam "Addlestone"]
[BlackTeam "Pontypridd"]

1. e4 d5 2. exd5 Nf6 3. d4 Nxd5 4. c4 Nf6 5. h3 g6 6. Nf3 Bg7 7. Nc3 c6 8. Be3
Nbd7 9. Be2 Nb6 10. O-O O-O 11. Qd2 Be6 12. b3 Qc7 13. Rfd1 Rfd8 14. a4 a5 15.
Bf4 Qc8 16. Qc2 Nbd7 17. Rd2 Nh5 18. Bh2 Bh6 19. Rdd1 Bf5 20. Bd3 Bxd3 21. Rxd3
Nf4 22. Rdd1 Nf6 23. Ne4 Qf5 24. Nxf6+ Qxf6 25. Re1 e6 26. Rad1 Rd7 27. Ne5
Rdd8 28. Ng4 Qg5 29. Re5 Qh4 30. Bg3 Nxh3+ 31. gxh3 Qxh3 32. Nxh6+ Qxh6 33. Qe2
Rd7 34. Re4 Rad8 35. Rh4 Qg7 36. Qe3 c5 37. Be5 f6 38. Bg3 e5 39. d5 b6 40. Kg2
g5 41. Rh5 Qg6 42. Qe2 Rf7 43. Rdh1 Rdd7 44. Qf3 e4 45. Qg4 f5 46. Qxg5 Rf6 47.
Kf1 Qxg5 48. Rxg5+ Rg6 49. Rxg6+ hxg6 50. Be5 Re7 51. Rh8+ Kf7 52. Rh7+ Kf8 53.
Bd6 1-0

[Event "4NCL/Div4/ADD vs. PONTY"]
[Site "Nottingham ENG"]
[Date "2007.03.25"]
[Round "8.6"]
[White "Warden, Peter"]
[Black "Seale, Denis"]
[Result "0-1"]
[WhiteElo "1393"]
[BlackElo "1860"]
[PlyCount "102"]
[EventDate "2007.03.25"]
[EventType "team"]
[EventRounds "11"]
[EventCountry "ENG"]
[WhiteTeam "Pontypridd"]
[BlackTeam "Addlestone"]

1. e4 e6 2. Nf3 d5 3. e5 c5 4. Bb5+ Bd7 5. Bxd7+ Qxd7 6. c3 Ne7 7. O-O Nf5 8.
g4 Ne7 9. d4 Ng6 10. h4 Be7 11. h5 Nh4 12. g5 Nf5 13. Kg2 Nc6 14. Be3 Qd8 15.
Qd2 Nxe3+ 16. Qxe3 Qb6 17. b3 h6 18. Rh1 cxd4 19. Qf4 dxc3 20. Nxc3 Qb4 21.
Qxb4 Bxb4 22. Nb5 O-O 23. gxh6 gxh6 24. a3 Be7 25. b4 Kh7 26. Rae1 Rg8+ 27. Kf1
a5 28. Nbd4 axb4 29. Nxc6 bxc6 30. axb4 Bxb4 31. Rb1 Rg4 32. Rh4 Rxh4 33. Nxh4
Bc3 34. Rb7 Kg7 35. Rc7 Bxe5 36. Rxc6 Ra1+ 37. Ke2 Rh1 38. Nf3 Rxh5 39. Rc1 Kf6
40. Rc8 Bd6 41. Rd8 Ke7 42. Rg8 e5 43. Ne1 Rg5 44. Rh8 Rg6 45. Nf3 e4 46. Nh4
Rf6 47. Rxh6 Rxh6 48. Nf5+ Ke6 49. Nxh6 f5 50. f3 Bf4 51. fxe4 dxe4 0-1

[Event "4NCL/Div4/AMCAH vs. SUTC"]
[Site "Nottingham ENG"]
[Date "2007.03.25"]
[Round "8.1"]
[White "Moore, Andrew"]
[Black "Ortega, Irvin"]
[Result "1/2-1/2"]
[WhiteElo "1885"]
[BlackElo "2180"]
[PlyCount "53"]
[EventDate "2007.03.25"]
[EventType "team"]
[EventRounds "11"]
[EventCountry "ENG"]
[WhiteTeam "AMCA Hippos"]
[BlackTeam "Sutton Coldfield"]

1. d4 g6 2. c4 Bg7 3. Nc3 d6 4. Nf3 Nc6 5. Bf4 Bg4 6. e3 e5 7. dxe5 dxe5 8. Bg3
Nge7 9. Be2 Nf5 10. Qb3 Nxg3 11. hxg3 O-O 12. Rd1 Qc8 13. Nd5 Re8 14. Rh4 h5
15. Ng5 e4 16. Bxg4 hxg4 17. Ke2 Qf5 18. Qxb7 Rab8 19. Qxc6 Rxb2+ 20. Rd2 Rxd2+
21. Kxd2 Qxf2+ 22. Kd1 Qf1+ 23. Kd2 Qf2+ 24. Kd1 Qf1+ 25. Kd2 Qxg2+ 26. Kd1
Qf1+ 27. Kd2 1/2-1/2

[Event "4NCL/Div4/AMCAH vs. SUTC"]
[Site "Nottingham ENG"]
[Date "2007.03.25"]
[Round "8.2"]
[White "Addis, Mark"]
[Black "Tunstall, George"]
[Result "1/2-1/2"]
[WhiteElo "2060"]
[BlackElo "1810"]
[PlyCount "50"]
[EventDate "2007.03.25"]
[EventType "team"]
[EventRounds "11"]
[EventCountry "ENG"]
[WhiteTeam "Sutton Coldfield"]
[BlackTeam "AMCA Hippos"]

1. d4 d5 2. c4 c6 3. Nc3 Nf6 4. Nf3 e6 5. e3 Nbd7 6. Bd3 dxc4 7. Bxc4 b5 8. Bd3
a6 9. O-O Bb7 10. Qe2 c5 11. a4 c4 12. Bb1 b4 13. Nd1 Qc7 14. e4 a5 15. Ne3 Nb6
16. d5 e5 17. Nf5 g6 18. Ng3 Nfd7 19. Be3 Bg7 20. h4 h5 21. Rc1 Ba6 22. b3 c3
23. Bd3 Bxd3 24. Qxd3 Qd6 25. Ng5 O-O 1/2-1/2